<?xml version="1.0" encoding="UTF-8"?>
<record
    xmlns:xsi="http://www.w3.org/2001/XMLSchema-instance"
    xsi:schemaLocation="http://www.loc.gov/MARC21/slim http://www.loc.gov/standards/marcxml/schema/MARC21slim.xsd"
    xmlns="http://www.loc.gov/MARC21/slim">

  <leader>01035nam a22001577a 4500</leader>
  <controlfield tag="003">IT-RoPau</controlfield>
  <controlfield tag="005">20220918181109.0</controlfield>
  <controlfield tag="008">130627b        xxu||||| |||| 00| 0 eng d</controlfield>
  <datafield tag="040" ind1=" " ind2=" ">
    <subfield code="c">IT-RoPau</subfield>
  </datafield>
  <datafield tag="100" ind1=" " ind2=" ">
    <subfield code="a">Bernardini, Augusta</subfield>
    <subfield code="9">758</subfield>
  </datafield>
  <datafield tag="245" ind1=" " ind2=" ">
    <subfield code="a">Ho amato il Giappone</subfield>
  </datafield>
  <datafield tag="260" ind1=" " ind2=" ">
    <subfield code="a">Citt&#xE0; di Castello (Perugia) </subfield>
    <subfield code="b">Tipografia "La Nuova Stampa"</subfield>
    <subfield code="c">1980</subfield>
  </datafield>
  <datafield tag="300" ind1=" " ind2=" ">
    <subfield code="a">271 pp.</subfield>
    <subfield code="c">18,5 cm</subfield>
  </datafield>
  <datafield tag="520" ind1=" " ind2=" ">
    <subfield code="a">Indice

Prefazione
Le origini della mia vocazione
Il Signore cammina avanti a noi
Non riusciamo a trovare la nostra abitazione
Arrivano i Fondatori
Lei certamente ha l'anima di un cane
Il primo Natale giapponese
Natale vent'anni dopo
Due sorelle
Prenotata a trasmigrare in un gattino
Dall'ospedale al cielo
Quasi un miracolo
Va' ove ti mostrer&#xF2;
Voi siete portatrici della verit&#xE0; che salva
Sfid&#xF2; le ire del bonzo e del marito
Nella citt&#xE0; pi&#xF9; europeizzata del Giappone
Al castello di Matsuyama
La conversione di Michie Mashiko
Le due gemelle
La storia di una famiglia
L'eroica Masae
La meravigliosa storia di Noriko</subfield>
  </datafield>
  <datafield tag="942" ind1=" " ind2=" ">
    <subfield code="2">ddc</subfield>
    <subfield code="c">BK</subfield>
  </datafield>
  <datafield tag="999" ind1=" " ind2=" ">
    <subfield code="c">98841</subfield>
    <subfield code="d">98841</subfield>
  </datafield>
  <datafield tag="952" ind1=" " ind2=" ">
    <subfield code="0">0</subfield>
    <subfield code="1">0</subfield>
    <subfield code="2">ddc</subfield>
    <subfield code="4">0</subfield>
    <subfield code="6">P_E1</subfield>
    <subfield code="7">1</subfield>
    <subfield code="a">PAULUS</subfield>
    <subfield code="b">PAULUS</subfield>
    <subfield code="d">2013-06-27</subfield>
    <subfield code="l">0</subfield>
    <subfield code="o">P E1</subfield>
    <subfield code="r">2013-06-27 00:00:00</subfield>
    <subfield code="w">2013-06-27</subfield>
    <subfield code="y">BK</subfield>
  </datafield>
</record>
